Portland, Oregon Part 2 /

This documentary, produced by the Ford Motor Company, features Portland, Oregon.

Bibliographic Details
Format: eBook
Language:English
Language Notes:In English.
Original language in English.
Published: Detroit, MI : Ford Motor Company, 1918.
Series:Ford Educational Library.
Subjects:
Online Access:Connect to this streaming video (Alexander Street Press)

MARC

Tag First Indicator Second Indicator Subfields
LEADER 00000cgm a2200000Mi 4500
001 in00005590721
006 m o c
007 cr |n|||||||||
008 160329s1918 miu005 e o vueng d
005 20241201233353.4
035 |a (OCoLC)on1113795457 
040 |a UHL  |b eng  |e rda  |c UHL  |d NUI 
019 |a 1373492835  |a 1430849985 
035 |a (OCoLC)1113795457  |z (OCoLC)1373492835  |z (OCoLC)1430849985 
050 4 |a KF12  |b .F673 1918 
082 0 4 |a 025  |2 23 
049 |a TXAM 
245 0 0 |a Portland, Oregon Part 2 /  |c by Ford Motor Company. 
264 1 |a Detroit, MI :  |b Ford Motor Company,  |c 1918. 
300 |a 1 online resource (5 minutes). 
306 |a 000459 
336 |a two-dimensional moving image  |b tdi  |2 rdacontent 
337 |a video  |b v  |2 rdamedia 
337 |a computer  |b c  |2 rdamedia 
338 |a other  |b vz  |2 rdacarrier 
338 |a online resource  |b cr  |2 rdacarrier 
347 |a data file  |2 rda 
490 1 |a Academic Video Online 
490 1 |a Ford Educational Library 
500 |a Title from resource description page (viewed March 29, 2016). 
520 |a This documentary, produced by the Ford Motor Company, features Portland, Oregon. 
546 |a In English. 
546 |a Original language in English. 
650 4 |a World War I & Jazz Age (1914-1928) 
650 4 |a Buildings. 
650 4 |a City life. 
651 4 |a Portland, OR. 
655 4 |a Documentary. 
830 0 |a Ford Educational Library. 
856 4 0 |u http://proxy.library.tamu.edu/login?url=https://www.aspresolver.com/aspresolver.asp?AVN2;2308205  |z Connect to this streaming video (Alexander Street Press)  |t 0 
955 |a Alexander Street Press subscription streaming video 
994 |a 92  |b TXA 
999 f f |s d9e48d86-c267-40fb-bde0-2df1b49de308  |i 8d79da95-c205-4116-9f12-d62223841dfe  |t 0 
952 f f |a Texas A&M University  |b College Station  |c Electronic Resources  |d Available Online  |t 0  |e KF12 .F673 1918  |h Library of Congress classification 
998 f f |a KF12 .F673 1918  |t 0  |l Available Online